|
|
|
|
| LEADER |
00000nam0a2200000 4500 |
| 001 |
594236 |
| 005 |
20231101131810.0 |
| 035 |
|
|
|a (RuTPU)RU\TPU\tpu\8656
|
| 035 |
|
|
|a RU\TPU\tpu\8654
|
| 090 |
|
|
|a 594236
|
| 100 |
|
|
|a 20020522d1988 k y0rusy50 ca
|
| 101 |
0 |
|
|a rus
|
| 102 |
|
|
|a RU
|
| 105 |
|
|
|a y z 000zy
|
| 200 |
1 |
|
|a Математическая модель однофазного ударного генератора
|f Э. И. Венюков, К. А. Хорьков, В. З. Хорькова
|
| 210 |
|
|
|a Томск
|d 1988
|
| 215 |
|
|
|a 13 с.
|
| 320 |
|
|
|a Библиогр.: 7 назв. - Деп. в Информэлектро, 13.04.88, № 136-ЭТ.
|
| 610 |
1 |
|
|a труды учёных ТПУ
|
| 675 |
|
|
|a 621.313.322
|v 3
|
| 700 |
|
1 |
|a Венюков
|b Э. И.
|c кандидат технических наук
|c ЭЭФ
|f 1936-
|g Эдуард Игоревич
|2 stltpush
|3 (RuTPU)RU\TPU\pers\2030
|
| 701 |
|
1 |
|a Хорьков
|b К. А.
|c доктор технических наук
|c АВТФ
|f 1936-
|g Константин Александрович
|2 stltpush
|3 (RuTPU)RU\TPU\pers\2031
|
| 701 |
|
1 |
|a Хорькова
|b В. З.
|c кандидат технических наук
|c АЭМФ
|f 1936-
|g Вера Зосимовна
|2 stltpush
|3 (RuTPU)RU\TPU\pers\2097
|
| 712 |
0 |
0 |
|a Томский политехнический институт
|
| 801 |
|
2 |
|a RU
|b 63413507
|c 20100129
|g PSBO
|
| 942 |
|
|
|c BK
|